| 000 -ლიდერი |
| ფიქსირებული სიგრძის საკონტროლო ველი |
01947nam a2200217Ia 4500 |
| 001 - საკონტროლო ნომერი |
| საკონტროლო ველი |
2377 |
| 003 - საკონტროლო ნომრის იდენტიფიკატორი |
| საკონტროლო ველი |
GE_BSU |
| 005 - ბოლო ოპერაციის თარიღი და დრო |
| საკონტროლო ველი |
20190530183846.0 |
| 008 - ფიქსირებული სიგრძის მონაცემთა ელემენტები - ზოგადი ინფორმაცია |
| ფიქსირებული სიგრძის საკონტროლო ველი |
181216s2010||||ge |||||||||||||| ||geo|| |
| 020 ## - წიგნის საერთაშორისო სტანდარტული ნომერი |
| International Standard Book Number |
9789941412313 |
| 040 ## - კატალოგიზაციის წყარო |
| Transcribing agency |
GE_BSU |
| 041 ## - ენის კოდი |
| Language code of text/sound track or separate title |
geo |
| 080 ## - უნივერსალური ათობითი კლასიფიკაციის ინდექსი |
| Universal Decimal Classification number |
338.43(479.22)+631(479.22)(063) ს–72 |
| 245 ## - ცნობა სათაურის შესახებ |
| Title |
"სოფლის მეურნეობის მოდერნიზაცია გლობალიზაციის პირობებში", საერთაშორისო სამეცნიერო კონფერენცია (2010, ბათუმი) შოთა რუსთაველის სახელმწიფო უნივერსიტეტის სასოფლო-სამეურნეო ფაკულტეტისა და ბლაგოევგრადის ნეოფიტრილსკის უნივერსიტეტის ერთობლივი საერთაშორისო სამეცნიერო კონფერენცია "სოფლის მეურნეობის მოდერნიზაცია გლობალიზაციის პირობებში" : |
| Remainder of title |
პროგრამა და აბსტრაქტი, 29-30 ივნისი, |
| Statement of responsibility, etc |
შოთა რუსთაველის სახელმწიფო უნ-ტი, სას.-სამ. ფაკ-ტი, ბლაგოევგრადის ნეოფიტრილსკის უნ-ტი. |
| 264 ## - წარმოების, გამოცემის, დისტრიბუციის და სხვა ცნობები |
| გამოცემის, წარმოების, დისტრიბუციის... ადგილი |
ბათუმი : |
| გამოცემის, წარმოების, დისტრიბუციის... თარიღი |
2010. |
| 300 ## - ფიზიკური აღწერა |
| Extent |
93 გვ. ; |
| Other physical details |
29 სმ. |
| 653 ## - INDEX TERM--UNCONTROLLED |
| Uncontrolled term |
სოფლის მეურნეობის ეკონომიკა |
| 653 ## - INDEX TERM--UNCONTROLLED |
| Uncontrolled term |
საქართველოს სოფლის მეურნეობა |
| 710 ## - ADDED ENTRY--CORPORATE NAME |
| Corporate name or jurisdiction name as entry element |
შოთა რუსთაველის სახელმწიფო უნ-ტი |
| 9 (RLIN) |
1867 |
| 942 ## - ADDED ENTRY ELEMENTS (KOHA) |
| Koha item type |
წიგნი |
| Source of classification or shelving scheme |
|